<?xml version="1.0" encoding="UTF-8"?>
<record
    xmlns:xsi="http://www.w3.org/2001/XMLSchema-instance"
    xsi:schemaLocation="http://www.loc.gov/MARC21/slim http://www.loc.gov/standards/marcxml/schema/MARC21slim.xsd"
    xmlns="http://www.loc.gov/MARC21/slim">

  <leader>00849nam a2200241Ia 4500</leader>
  <controlfield tag="003">OSt</controlfield>
  <controlfield tag="005">20250714141850.0</controlfield>
  <controlfield tag="008">210210b2006   xxu||||| |||| 00| 0 eng d</controlfield>
  <datafield tag="040" ind1=" " ind2=" ">
    <subfield code="c">AL</subfield>
  </datafield>
  <datafield tag="041" ind1=" " ind2=" ">
    <subfield code="a">Kannada</subfield>
  </datafield>
  <datafield tag="082" ind1=" " ind2=" ">
    <subfield code="a">K894.8 KANS</subfield>
  </datafield>
  <datafield tag="100" ind1=" " ind2=" ">
    <subfield code="a">KANNADA VISHVAVIDYALAYA</subfield>
    <subfield code="9">151329</subfield>
    <subfield code="d">&#xC95;&#xCA8;&#xCCD;&#xCA8;&#xCA1; &#xCB5;&#xCBF;&#xCB6;&#xCCD;&#xCB5;&#xCB5;&#xCBF;&#xCA6;&#xCCD;&#xCAF;&#xCBE;&#xCB2;&#xCAF;</subfield>
  </datafield>
  <datafield tag="245" ind1=" " ind2=" ">
    <subfield code="a">Samagra Kannada Jainasahitya samputa 18: Salva samputa</subfield>
    <subfield code="b">&#xCB8;&#xCAE;&#xC97;&#xCCD;&#xCB0; &#xC95;&#xCA8;&#xCCD;&#xCA8;&#xCA1; &#xC9C;&#xCC8;&#xCA8;&#xCB8;&#xCBE;&#xCB9;&#xCBF;&#xCA4;&#xCCD;&#xCAF; &#xCB8;&#xC82;&#xCAA;&#xCC1;&#xC9F; &#xCE7;&#xCEE;: &#xCB8;&#xCBE;&#xCB3;&#xCCD;&#xCB5; &#xCB8;&#xC82;&#xCAA;&#xCC1;&#xC9F;</subfield>
  </datafield>
  <datafield tag="260" ind1=" " ind2=" ">
    <subfield code="a">Hampi</subfield>
    <subfield code="b">Prasaranga Karnataka Vishvavidyalaya</subfield>
    <subfield code="c">2006</subfield>
  </datafield>
  <datafield tag="300" ind1=" " ind2=" ">
    <subfield code="a">xxxii,692</subfield>
  </datafield>
  <datafield tag="440" ind1=" " ind2=" ">
    <subfield code="a">18</subfield>
    <subfield code="9">151330</subfield>
  </datafield>
  <datafield tag="650" ind1=" " ind2=" ">
    <subfield code="a">sharadavilasam</subfield>
    <subfield code="9">151331</subfield>
  </datafield>
  <datafield tag="650" ind1=" " ind2=" ">
    <subfield code="a">rasaratnakaram</subfield>
    <subfield code="9">151332</subfield>
  </datafield>
  <datafield tag="650" ind1=" " ind2=" ">
    <subfield code="a"> sharadavilasam</subfield>
    <subfield code="9">151333</subfield>
  </datafield>
  <datafield tag="690" ind1=" " ind2=" ">
    <subfield code="a">Kannada Collections</subfield>
    <subfield code="9">151334</subfield>
  </datafield>
  <datafield tag="906" ind1=" " ind2=" ">
    <subfield code="a">062648</subfield>
  </datafield>
  <datafield tag="942" ind1=" " ind2=" ">
    <subfield code="2">ddc</subfield>
    <subfield code="c">BK</subfield>
  </datafield>
  <datafield tag="999" ind1=" " ind2=" ">
    <subfield code="c">117868</subfield>
    <subfield code="d">117868</subfield>
  </datafield>
  <datafield tag="952" ind1=" " ind2=" ">
    <subfield code="0">0</subfield>
    <subfield code="1">0</subfield>
    <subfield code="2">ddc</subfield>
    <subfield code="4">0</subfield>
    <subfield code="7">3</subfield>
    <subfield code="8">KAN</subfield>
    <subfield code="a">AL</subfield>
    <subfield code="b">AL</subfield>
    <subfield code="c">Kannada Literature</subfield>
    <subfield code="d">2021-02-17</subfield>
    <subfield code="e">Prasaranga Kannada Vishvavidyalaya Hampi.</subfield>
    <subfield code="g">100.00</subfield>
    <subfield code="l">0</subfield>
    <subfield code="o">K894.8 KANS</subfield>
    <subfield code="p">062648</subfield>
    <subfield code="r">2021-02-17 00:00:00</subfield>
    <subfield code="w">2021-02-17</subfield>
    <subfield code="y">BK</subfield>
  </datafield>
</record>
